000 00527nam a2200181Ia 4500
003 GCL
008 140319s9999 xx 000 0 ara d
040 _aGCL /
_cGCL
082 0 4 _a813.03
_bص ا
100 1 _aصلاح عبدالسيد
245 1 0 _aاصح يا نايم /
_cصلاح عبدالسيد
260 _a[S.N] :
_bالهيئة المصرية العامة للكتاب ،
_c1994
300 _a211 ص
490 _a
650 0 4 _aالادب العربى
650 0 4 _aالقصص العربية
942 _2ddc
_cBK
999 _c33406
_d33406